Logos du Québec et du Canada - Statistiques

Statistiques générales
  • Ce quiz a été pris 745 fois
  • Le résultat moyen est 22 sur 35
Statistiques - réponses
Par images Réponse % Correct
Canadiens de Montréal
91%
Hydro-Québec
91%
Desjardins
87%
Couche-tard
86%
Jean-Coutu
86%
Canadian Tire
85%
St-Hubert
84%
Vidéotron
81%
Mondou
75%
Telus
75%
Harvey's
73%
Postes Canada
73%
Télé-Québec
73%
Air Canada
71%
BMO
71%
RBC
69%
Tigre Géant
69%
Air Transat
67%
Banque nationale
66%
Ultramar
64%
Cineplex
63%
Benny & Co
62%
Familiprix
54%
Roots
51%
Van Houtte
51%
Expos de Montréal
50%
Simons
49%
Canac
48%
Cascades
43%
Ubisoft
43%
Rogers
42%
Québec solidaire
40%
Banque Laurentienne
31%
Cirque du Soleil
31%
Lassonde
6%
Aucun quiz correspondant
Distribution des résultats
% des personnes avec chaque résultat
Percentile par nombre de réponses
Votre historique - résultats
Vous n’avez pas pris ce quiz